Jüdische Sprachen - mit Karte - Statistiken

Allgemein
  • Dieses Quiz wurde 98 mal gespielt
    76 seit der letzten Aktualisierung
  • Das Durchschnittsergebnis liegt bei 6 aus 22
Antworten auf der Karte
Die Antworten werden auf der Karte rot bzw. grün angezeigt, abhängig davon wie oft sie richtig erraten wurden.
 
Antwortstatistiken
# Sprachfamilie Sprache Sprecherzahlen % Korrekt
3 Germanisch Jiddisch 500.000-1.500.000 Sprecher (USA, Israel, Europa)
88%
17 Semitisch Hebräisch 9.000.000 (Israel, Palästina, Polen)
86%
13 Romanisch Ladino 60.000 (Israel, Türkei, USA)
48%
18 Semitisch Judäo-Arabisch 540.000 (Israel, Tunesien, Marokko)
39%
6 Iranisch Judäo-Persisch 60.000 (Israel, Iran?)
36%
15 Romanisch Zarfatisch ausgestorben
36%
10 Romanisch Judäo-Italienisch 250 (Italien, Israel?)
31%
11 Romanisch Judäo-Katalanisch ausgestorben
31%
12 Romanisch Judäo-Portugiesisch ausgestorben
31%
20 Südkaukasisch Qiwruli 70.000 (Georgien, Israel, USA, Belgien, Russland, Kanada)
28%
4 Griechisch Romaniotisch weniger als 50 Sprecher (Türkei?, Israel?)
28%
16 Semitisch Aramäisch ?
27%
22 Turkisch Krimtschakisch 200 (Krim, Israel, Türkei)
20%
1 Berberisch Judäo-Berberisch 2.000 Sprecher (Israel)
19%
19 Slawisch Knaanisch ausgestorben
9%
5 Indoarisch Judäo-Marathi 25.000 (Israel?, Indien?)
8%
9 Kuschitisch Qwara 2.000 (Israel)
8%
2 Drawidisch Judäo-Malayalam einige dutzend Sprecher (Israel?, Kerala?)
6%
21 Turkisch Karaimisch 80 (Litauen, Krim, Ukraine, Polen)
6%
7 Iranisch Judäo-Tatisch 101.000 (Ostkaukasus, Israel, USA)
5%
8 Kuschitisch Kayla ?
3%
14 Romanisch Shuadit ausgestorben
3%
Keine übereinstimmenden Quizze gefunden
Verteilung der Resultate
Anzahl Personen mit jedem Resultat
Perzentil nach korrekt beantworteten Fragen
Ihre Resultats-Entwicklung
Sie haben dieses Quiz seit der letzten Aktualisierung nicht gespielt